Obchodná vojna USA vs. Čína

Prehľad literatúry, v ktorej sa autori venujú danej problematike. Rast úlohy Číny vo svetovom hospodárstve. Príčiny zavádzania ochranných opatrení USA, osobitne voči Číne. Niektoré prvky obchodnej vojny USA verzus Čína.

Uložené v:
Podrobná bibliografia
Hlavný autor: Lipková, Ľudmila
Médium: Kapitola
Jazyk:Slovak
Predmet:
Tagy: Pridať tag
Žiadne tagy, Buďte prvý, kto otaguje tento záznam!

MARC

LEADER 00000naa$a2200000$$$4500
001 0251739
005 20240502074034.5
041 0 |a slo 
044 |a SK 
245 1 0 |a Obchodná vojna USA vs. Čína  |c Ľudmila Lipková 
520 |a Prehľad literatúry, v ktorej sa autori venujú danej problematike. Rast úlohy Číny vo svetovom hospodárstve. Príčiny zavádzania ochranných opatrení USA, osobitne voči Číne. Niektoré prvky obchodnej vojny USA verzus Čína. 
610 2 0 |a rast hospodársky 
610 2 0 |a obchod zahraničný 
610 2 0 |a dovoz 
610 2 0 |a vývoz 
610 2 0 |a investície 
610 2 0 |a politika hospodárska 
610 2 0 |a vojny 
610 2 0 |a clá 
610 2 0 |a USA 
610 2 0 |a Čína 
100 1 |a Lipková, Ľudmila